| 000 | 00874cab a2200277 4500 | ||
|---|---|---|---|
| 001 | ABS46860 | ||
| 008 | 090401t1992 xxu||||| |||| 00| 0 eng d | ||
| 035 | _a(Sirsi) u59794 | ||
| 041 | _aeng | ||
| 100 | _aBurns, A. | ||
| 245 | _aGetting paid | ||
| 260 | _c1992 | ||
| 350 | _a0 | ||
| 490 |
_aFaculty of Building Journal _vSummer 1992, 27-30(4) |
||
| 520 | _aSets out the various methods of taking legal action to recover unpaid fees: quantum meruit claims, ADR, summary judgements and Mareva injunctions. | ||
| 650 | _aALTERNATIVE DISPUTE RESOLUTION | ||
| 650 | _aBUILT ENVIRONMENT-BUILDING CONTRACT FORMS | ||
| 650 | _aMAREVA INJUNCTION | ||
| 650 | _aPAYMENT | ||
| 650 | _aQUANTUM MERUIT | ||
| 650 | _aSUMMARY JUDGEMENTS | ||
| 690 | _aBUILT ENVIRONMENT-BUILDING CONTRACT FORMS | ||
| 690 | _aPROFESSIONAL PRACTICE | ||
| 942 | _n0 | ||
| 948 | _c04/03/1997 | ||
| 999 |
_c36758 _d36758 |
||